00644nam a2200205Ia 4500003000400000008004100004020002300045040000800068100001800076245004000094260004100134300001300175365001100188901002100199902003700220903005800257942001200315952009400327999001700421LDD181029s9999 xx 000 0 und d a8189239147c500.00 cLDD aNarang, Ashok 0aIndian rural problemscAshok Narang aNew DelhibMurari Lal and Sonsc2006 av, 290p. b500.00 a4117b21-01-2008 aI-996b29-01-2008cFdAAKARe311 aDiscount-15bReqst by : Gurchain Singh  2ddccBK 00102ddc4070979542aLDDbLDDl0o309.154031 N164Ip062876r2018-11-01w2018-11-01yBK c79543d79543